|
|
|
|
| LEADER |
00000cam a2200000 c 4500 |
| 001 |
274594277 |
| 003 |
DE-627 |
| 005 |
20251222212651.0 |
| 007 |
tu |
| 008 |
990101s1988 xxu||||| 00| ||eng c |
| 020 |
|
|
|a 0803927762
|9 0-8039-2776-2
|
| 020 |
|
|
|a 0803933452
|9 0-8039-3345-2
|
| 035 |
|
|
|a (DE-627)274594277
|
| 035 |
|
|
|a (DE-576)014298201
|
| 035 |
|
|
|a (DE-599)GBV274594277
|
| 035 |
|
|
|a (OCoLC)246796987
|
| 035 |
|
|
|a (DE-604)8013244558
|
| 040 |
|
|
|a DE-627
|b ger
|c DE-627
|e rakwb
|
| 041 |
|
|
|a eng
|
| 044 |
|
|
|c XD-US
|c XA-GB
|c XB-IN
|
| 050 |
|
0 |
|a BF698
|
| 082 |
0 |
|
|a 155.2'5
|
| 082 |
0 |
|
|a 155.6
|
| 084 |
|
|
|a CQ 7200
|2 rvk
|0 (DE-625)rvk/19017:
|
| 100 |
1 |
|
|a Wrightsman, Lawrence S.
|d 1931-
|0 (DE-588)138421137
|0 (DE-627)602064546
|0 (DE-576)163628033
|4 aut
|
| 109 |
|
|
|a Wrightsman, Lawrence S. 1931-
|a Wrightsman, Lawrence Samuel 1931-
|
| 245 |
1 |
0 |
|a Personality development in adulthood
|c Lawrence S. Wrightsman
|
| 250 |
|
|
|a 1. print.
|
| 264 |
|
1 |
|a Newbury Park, Calif. [u.a.]
|b SAGE Publ.
|c 1988
|
| 300 |
|
|
|a 311 S.
|
| 336 |
|
|
|a Text
|b txt
|2 rdacontent
|
| 337 |
|
|
|a ohne Hilfsmittel zu benutzen
|b n
|2 rdamedia
|
| 338 |
|
|
|a Band
|b nc
|2 rdacarrier
|
| 500 |
|
|
|a Literaturverz. S. 275 - 300
|
| 650 |
|
4 |
|a Psychoanalyse
|
| 650 |
|
4 |
|a Persönlichkeitsentwicklung
|
| 650 |
|
4 |
|a Persönlichkeitstheorie
|
| 650 |
|
4 |
|a Erwachsene
|
| 650 |
|
4 |
|a Ehe
|
| 650 |
|
4 |
|a Tod
|
| 650 |
|
4 |
|a Berufsverlauf
|
| 653 |
|
0 |
|a Personality
|
| 689 |
0 |
0 |
|d s
|0 (DE-588)4015431-2
|0 (DE-627)106336754
|0 (DE-576)208911723
|a Erwachsener
|2 gnd
|
| 689 |
0 |
1 |
|d s
|0 (DE-588)4075995-7
|0 (DE-627)106084003
|0 (DE-576)209200561
|a Persönlichkeitsentwicklung
|2 gnd
|
| 689 |
0 |
|
|5 (DE-627)
|
| 889 |
|
|
|w (DE-627)025623575
|
| 935 |
|
|
|i mdedup
|
| 935 |
|
|
|i Blocktest
|
| 936 |
r |
v |
|a CQ 7200
|b Erwachsenenalter
|k Psychologie
|k Entwicklungspsychologie
|k Altern
|k Erwachsenenalter
|0 (DE-627)1271510006
|0 (DE-625)rvk/19017:
|0 (DE-576)201510006
|
| 951 |
|
|
|a BO
|
| ELC |
|
|
|b 1
|
| LOK |
|
|
|0 000 xxxxxcx a22 zn 4500
|
| LOK |
|
|
|0 001 3295283508
|
| LOK |
|
|
|0 003 DE-627
|
| LOK |
|
|
|0 004 274594277
|
| LOK |
|
|
|0 005 20151023133331
|
| LOK |
|
|
|0 008 890626||||||||||||||||ger|||||||
|
| LOK |
|
|
|0 040
|a DE-21
|c DE-627
|d DE-21
|
| LOK |
|
|
|0 852
|a DE-21
|
| LOK |
|
|
|0 852 1
|c KB 18 A 5187
|9 00
|
| LOK |
|
|
|0 935
|a krim
|
| LOK |
|
|
|0 939
|a 26-06-89
|b l01
|
| ORI |
|
|
|a SA-MARC-krimdoka001.raw
|
| SIG |
|
|
|a UB: KB 18 A 5187
|